Statistics for All Nations at the FIFA Women's World Cup 2023

Click here to take the quiz!

General Stats

  • This quiz has been taken 88 times
  • The average score is 27 of 32

Answer Stats

GroupAnswer% Correct
Group EUnited States
100%
Group CJapan
97%
Group CSpain
97%
Group BAustralia
96%
Group BCanada
96%
Group DEngland
96%
Group GArgentina
95%
Group FBrazil
95%
Group HGermany
94%
Group GItaly
94%
Group ENetherlands
94%
Group ANew Zealand
94%
Group EPortugal
94%
Group DChina
92%
Group FFrance
92%
Group GSweden
92%
Group ANorway
90%
Group HColombia
86%
Group DDenmark
86%
Group BRepublic of Ireland
81%
Group GSouth Africa
81%
Group ASwitzerland
81%
Group HSouth Korea
80%
Group BNigeria
77%
Group HMorocco
72%
Group CCosta Rica
68%
Group EVietnam
68%
Group FJamaica
67%
Group FPanama
66%
Group DHaiti
57%
Group APhilippines
48%
Group CZambia
48%

Score Distribution

Percentile by Number Answered

Percent of People with Each Score

Your Score History

You have not taken this quiz